Muerte y resurección /
সংরক্ষণ করুন:
| প্রধান লেখক: | |
|---|---|
| বিন্যাস: | পাঠ্য |
| বিষয়গুলি: | |
| ট্যাগগুলো: |
ট্যাগ যুক্ত করুন
কোনো ট্যাগ নেই, প্রথমজন হিসাবে ট্যাগ করুন!
|
MARC
| LEADER | 00000 a a2200000 04500 | ||
|---|---|---|---|
| 001 | 9037 | ||
| 003 | |||
| 040 | |||
| 100 | |a Zaid, Gabriel | ||
| 245 | |a Muerte y resurección / |c Gabriel Zaid | ||
| 650 | |a IGLESIA CATOLICA | ||
| 650 | |a RELIGION | ||
| 650 | |a CREENCIA | ||
| 773 | |g volumen 16, número 2 -3; páginas 229-239 | ||
| 999 | |c 37087 |d 37087 | ||
